000 00767nam a22002172 4500
001 0000009347
005 20151217145850.0
008 080929s xx 000 0 eng d
020 _a1589971639 :
_cKES 590
040 _aKABU
_cKABU
100 1 _aSmalley, Gary.
_@0000160611
245 1 4 _aThe DNA of parent-teen relationships :
_bdiscover the key to your teen's heart /
_cGary Smalley & Greg Smalley.
260 _aWheaton, IL. :
_bTyndale,
_c2005.
300 _avii, 277 p.
650 0 _aParenting
_xReligious aspects
_xChristianity.
_@0000160612
650 0 _aParent and teenager
_xReligious aspects
_xChristianity.
_@0000160613
700 1 _aSmalley, Greg.
_@0000160614
908 _a080929
950 _@1
999 _c3453
_d3453